000 01871cam a2200337 a 4500
001 4034398
003 OSt
005 20210414114116.0
008 980724s1998 nyua b 001 0 eng
010 _a 98030590
020 _a0471243744 (alk. paper)
040 _aDLC
_cDLC
_dDLC
043 _an-us---
050 0 0 _aT21.Y68
082 0 0 _a609.73
_221
100 1 _aYoung, Jeffrey S.,
_d1952-
245 1 0 _aForbesĀ® greatest technology stories : inspiring tales of the entrepreneurs and inventors who revolutionized modern business. /
_cJeffrey Young.
260 _aNew York :
_bJohn Wiley & Sons,
_cc1998.
300 _axi, 368 p. :
_bill. ;
_c24 cm.
504 _aIncludes bibliographical references (p. 345-351) and index.
505 _aContents: Pioneers and Pirates: Calculators and computers -- Big blue: The Mainframe computer -- Quantum leap: Transistors and semiconductors -- Bits: Memory, minicomputers and the mouse -- Chips: Integrated circuits and microprocessors -- Mechanics: Kits and microcomputers -- Wireheads: The Apple computer -- PCs: The IBM personal computer -- Hard core: Windows -- Airwaves: MCI and cell phones -- Webs: Networks and the Internet.
650 0 _aInventions
_zUnited States
_xHistory.
650 0 _aInventors
_zUnited States
_xHistory.
650 0 _aHigh technology
_zUnited States
_xHistory.
856 4 2 _3Contributor biographical information
_uhttp://www.loc.gov/catdir/bios/wiley042/98030590.html
856 4 2 _3Publisher description
_uhttp://www.loc.gov/catdir/description/wiley033/98030590.html
856 4 _3Table of Contents
_uhttp://www.loc.gov/catdir/toc/onix04/98030590.html
906 _a7
_bcbc
_corignew
_d1
_eocip
_f19
_gy-gencatlg
942 _2lcc
_cBK
999 _c2013
_d9513